Statistics for Premier League Top Scorers by Year

Click here to take the quiz!

General Stats

  • This quiz has been taken 8,259 times
    (2,654 since last reset)
  • The average score is 29 of 39

Answer Stats

YearPlayed ForNumber of GoalsAnswer% Correct
22/23Manchester City36Erling Haaland
99%
20/21Tottenham23Harry Kane
99%
16/17Tottenham29Harry Kane
99%
15/16Tottenham25Harry Kane
99%
21/22Liverpool23Mohamed Salah
99%
18/19Liverpool22Mohamed Salah
99%
17/18Liverpool32Mohamed Salah
99%
19/20Leicester City23Jamie Vardy
96%
21/22Tottenham23Son Heung-Min
96%
14/15Manchester City26Sergio Aguero
94%
18/19Liverpool22Sadio Mane
91%
01/02Arsenal24Thierry Henry
89%
03/04Arsenal30Thierry Henry
89%
04/05Arsenal25Thierry Henry
89%
05/06Arsenal27Thierry Henry
89%
07/08Manchester United31Christiano Ronaldo
88%
09/10Chelsea29Didier Drogba
87%
06/07Chelsea20Didier Drogba
87%
02/03Manchester United25Ruud Van Nistelrooy
84%
95/96Blackburn31Alan Shearer
82%
93/94Blackburn34Alan Shearer
82%
96/97Newcastle25Alan Shearer
82%
13/14Liverpool31Luis Suarez
81%
18/19Arsenal22Pierre-Emerick Aubameyang
80%
12/13Manchester United26Robin Van Persie
77%
11/12Arsenal30Robin Van Persie
77%
97/98Liverpool18Michael Owen
60%
98/99Liverpool18Michael Owen
60%
92/93Newcastle34Andy Cole
55%
10/11Manchester City20Carlos Tevez
54%
10/11Manchester United20Dimitar Berbatov
47%
08/09Chelsea19Nicolas Anelka
45%
98/99Manchester United18Dwight Yorke
44%
92/93Nottingham Forest/Tottenham22Teddy Sheringham
37%
98/99Leeds18Jimmy Floyd Hasselbaink
31%
00/01Chelsea23Jimmy Floyd Hasselbaink
31%
99/00Sunderland30Kevin Phillips
26%
97/98Coventry City18Dion Dublin
22%
97/98Blackburn18Chris Sutton
20%

Score Distribution

Percentile by Number Answered

Percent of People with Each Score

Your Score History

You have not taken this quiz since the last reset